Geography Quiz

Random Geography or State Quiz

Un-Patriotic US States Quiz Stats

 Plays Quiz Updated Mar 31, 2016

Challenge
Share
Tweet
Embed
Score 0/6 Timer 01:30
5 Plays Today
% Correct
Ohio
77%
Oregon
75%
New York
74.5%
Vermont
68.3%
New Mexico
64.9%
Wyoming
59.8%

You're not logged in!

Compare scores with friends on all Sporcle quizzes.
Join for Free
OR
Log In

You Might Also Like...

Show Comments

Extras

Top Quizzes Today


Score Distribution

Your Account Isn't Verified!

In order to create a playlist on Sporcle, you need to verify the email address you used during registration. Go to your Sporcle Settings to finish the process.

Report this User

Report this user for behavior that violates our Community Guidelines.

Details: